00570nam a22001817a 4500003000400000020001800004082001800022100002900040245004600069250000800115260002600123300000800149650002400157653002400181942001200205952015400217999001700371SGT a9781118913499 a617.645bP17K aKoch, Goran... [et. al.] aPediatric Dentistry : A Clinical Approach a3rd bWiley Blackwellc2017 a390 aPediatric Dentistry aPediatric Dentistry 2ddccBK 00102ddc4071aFDbFDcREFd2022-05-18eAhuja Book Co. Pvt. Ltd. g12076.00iSGTUo617.645 P17KpFD8701r2022-05-18 00:00:00w2022-04-16yBKk14353 c22725d22725